عرض عادي
عرض مارك
- Sociolinguistics.
مدخل مصطلح موضوعي
001 - رقم الضبط
- حقل الضبط: 48060
003 - معرف رقم الضبط
- حقل الضبط: OSt
005 - تاريخ ووقت أخر عملية
- حقل الضبط: 20150704063826.0
008 - عناصر بيانات ثابتة الطول
- حقل تحكم ثابت الطول: 150704|| aca||aabn | a|a d
040 ## - مصدر الفهرسة
- هيئة الفهرسة الأصلية: OSt
- وكالة الكتابة: OSt
150 ## - مدخل-- مصطلح تاريخي
- عنصر مدخل المصطلح الموضوعي او الاسم الجغرافي: Sociolinguistics.
670 ## - بيانات المصدر موجوده
- الاستشهاد بالمصدر: Work cat.: (OSt)35492: Kramsch, Claire J. 46075, Language and culture /, 1998.
